Madhara ya kuchanganyikiwa / (Record no. 11458)

000 -LEADER
fixed length control field 00353nam a22001217a 4500
008 - FIXED-LENGTH DATA ELEMENTS--GENERAL INFORMATION
fixed length control field 160709b xxu||||| |||| 00| 0 eng d
020 ## - INTERNATIONAL STANDARD BOOK NUMBER
International Standard Book Number 9976924135
041 ## - LANGUAGE CODE
Language code of text/sound track or separate title Swahili
050 ## - LIBRARY OF CONGRESS CALL NUMBER
Classification number PL8702 .O48 1991
100 ## - MAIN ENTRY--PERSONAL NAME
Personal name Oluoch, Meshack Nyangori
245 ## - TITLE STATEMENT
Title Madhara ya kuchanganyikiwa /
Statement of responsibility, etc. Meshack Nyangori Oluoch
260 ## - PUBLICATION, DISTRIBUTION, ETC. (IMPRINT)
Place of publication, distribution, etc. Nairobi :
Name of publisher, distributor, etc. Africa Herald Publishing House,
Date of publication, distribution, etc. 1991.
300 ## - PHYSICAL DESCRIPTION
Extent 93p. ;
Dimensions 16cm.
942 ## - ADDED ENTRY ELEMENTS (KOHA)
Source of classification or shelving scheme
Koha item type Short Loan Books
Holdings
Withdrawn status Lost status Source of classification or shelving scheme Damaged status Not for loan Home library Current library Shelving location Date acquired Source of acquisition Total Checkouts Full call number Barcode Date last seen Price effective from Koha item type
          MACHAKOS UNIVERSITY LIBRARY MACHAKOS UNIVERSITY LIBRARY Short Loan 09/07/2016 Purchase   PL8702 .O48 1991 5059 15/10/2018 09/07/2016 Short Loan Books
© Machakos University Library, Along The Highway, Machakos Wote Rd, Machakos, Kenya P.O. Box 136 - 90100 Machakos - Kenya

Tel: ( +254 ) 723 805829 OR Fax : 044-20353 OR Email: library@mksu.ac.ke